| 000 | 00579nam a22002177a 4500 | ||
|---|---|---|---|
| 003 | SISC | ||
| 005 | 20160304134130.0 | ||
| 008 | 130118t xxu||||| |||| 00| 0 eng d | ||
| 020 | _a0671722794 | ||
| 050 |
_aPR 2827 _b.Sh527 1993 |
||
| 082 | _aPR2827.A2 . | ||
| 100 |
_aWilliam Shakespeare. _97851 |
||
| 245 |
_aA midsummer night's dream. _cShakespeare, William, 1564-1616. |
||
| 260 |
_aNew York : _bWashington Square Press, _c1993. |
||
| 300 |
_alii, 204 p. ; _c18 cm. |
||
| 521 | _aGrade 7 | ||
| 526 | _c880L-960L | ||
| 562 | _e1 | ||
| 942 |
_2lcc _cBK |
||
| 999 |
_c1774 _d1774 |
||